[Event "Cto Aragon Equipos 2016 Pref Gr II"]
[Site "Aragon"]
[Date "2016.03.19"]
[Round "8.49"]
[White "Rodriguez Leiva, Manuel"]
[Black "Accattato Martin, Mario"]
[Result "0-1"]
[WhiteElo "1937"]
[BlackElo "2240"]
[PlyCount "98"]
[EventDate "2016.01.30"]
[WhiteTeam "Jaime Casas B"]
[BlackTeam "Monzon"]

1. e4 d5 2. exd5 Nf6 3. c4 c6 4. Nc3 cxd5 5. cxd5 Nxd5 6. Nf3 Nc6 7. Bb5 Nxc3
8. bxc3 Qd5 9. Be2 e5 10. Qb3 Be6 11. O-O e4 12. Ne1 Qxb3 13. axb3 Bxb3 14. Rb1
Bd5 15. c4 Nd4 16. Bd1 Bc6 17. Nc2 Nxc2 18. Bxc2 O-O-O 19. Rd1 Bc5 20. Bb2 Bd4
21. Kf1 Bxb2 22. Rxb2 Rd4 23. Bb3 Kc7 24. Ke1 Rhd8 25. g3 Rd3 26. Ra1 a6 27.
Ra5 R8d6 28. Rf5 Rf6 29. Rxf6 gxf6 30. Ke2 Bd7 31. Bd1 Ra3 32. Bc2 Bg4+ 33. Ke1
Bf3 34. Rb1 f5 35. Bd1 Bxd1 36. Rxd1 Ra4 37. Rc1 Kc6 38. Ke2 Kc5 39. d3 Ra2+
40. Ke3 Ra3 41. Rd1 Rxd3+ 42. Rxd3 exd3 43. Kxd3 a5 44. Kc3 a4 45. h3 f4 46. g4
f3 47. g5 a3 48. Kb3 a2 49. Kxa2 Kxc4 0-1

[Event "Cto Aragon Equipos 2016 Pref Gr II"]
[Site "Aragon"]
[Date "2016.03.19"]
[Round "8.50"]
[White "Citoler Serrat, Adriano"]
[Black "Buil Rello, Jose Antonio"]
[Result "1-0"]
[WhiteElo "1936"]
[BlackElo "1879"]
[PlyCount "59"]
[EventDate "2016.01.30"]
[WhiteTeam "Monzon"]
[BlackTeam "Jaime Casas B"]

1. e4 c5 2. Nc3 e6 3. Nf3 Nc6 4. d4 cxd4 5. Nxd4 Nf6 6. Ndb5 d6 7. Bf4 e5 8.
Bg5 Be6 9. Nd5 Bxd5 10. Qxd5 Nxd5 11. Bxd8 Kxd8 12. exd5 Nb8 13. Bd3 Nd7 14. c4
Be7 15. O-O g6 16. f4 a6 17. Nc3 f5 18. fxe5 dxe5 19. Rac1 Rc8 20. Be2 Bc5+ 21.
Kh1 Ke7 22. a3 Bd4 23. b4 b6 24. g3 Rc7 25. Kg2 Rhc8 26. c5 bxc5 27. Bxa6 cxb4
28. d6+ Ke6 29. dxc7 Rxc7 30. Nb5 1-0

[Event "Cto Aragon Equipos 2016 Pref Gr II"]
[Site "Aragon"]
[Date "2016.03.19"]
[Round "8.51"]
[White "Salas Latorre, Jose"]
[Black "Barranco Mananet, Fernando"]
[Result "1-0"]
[WhiteElo "1772"]
[BlackElo "1837"]
[PlyCount "83"]
[EventDate "2016.01.30"]
[WhiteTeam "Jaime Casas B"]
[BlackTeam "Monzon"]

1. c4 c5 2. Nc3 Nc6 3. e4 g6 4. Nf3 Bg7 5. Be2 d6 6. d3 Nf6 7. Bg5 O-O 8. O-O
Bd7 9. Qd2 Re8 10. Rad1 Rb8 11. Bh6 Bh8 12. Rfe1 a6 13. h3 b5 14. b3 b4 15. Na4
Na5 16. Nb2 Nh5 17. Qc2 Bc3 18. Bd2 Bg7 19. Ng5 Nf6 20. Be3 Nc6 21. Nf3 e5 22.
Nh2 Nd4 23. Qd2 Bc6 24. f4 Nd7 25. Rf1 exf4 26. Bxf4 Ne5 27. Ng4 Nxe2+ 28. Qxe2
Nxg4 29. hxg4 Qf6 30. Rd2 Qe6 31. Qf3 Rbd8 32. Rdf2 Rf8 33. Nd1 a5 34. Ne3 Bb7
35. Qh3 Bc8 36. Bh6 Bb7 37. Bxg7 Kxg7 38. Qh4 Qe5 39. g5 Rd7 40. Ng4 Qe7 41.
Nf6 Rh8 42. Qh6# 1-0

[Event "Cto Aragon Equipos 2016 Pref Gr II"]
[Site "Aragon"]
[Date "2016.03.19"]
[Round "8.52"]
[White "Hidalgo Gracia, Andres"]
[Black "Olivan Alvira, Alejandro"]
[Result "1-0"]
[WhiteElo "1693"]
[BlackElo "1529"]
[PlyCount "61"]
[EventDate "2016.01.30"]
[WhiteTeam "Monzon"]
[BlackTeam "Jaime Casas B"]

1. c4 e6 2. Nc3 d5 3. cxd5 exd5 4. d4 Nf6 5. Nf3 h6 6. Bf4 c6 7. e3 Bg4 8. Be2
Bxf3 9. Bxf3 Bd6 10. Bxd6 Qxd6 11. O-O O-O 12. Qb3 Qc7 13. Rac1 Qb6 14. Qc2 Re8
15. Na4 Qc7 16. Qb3 Rd8 17. Nc5 b6 18. Nd3 Ne4 19. Rfd1 a5 20. Nf4 Qa7 21. Bxe4
a4 22. Qc2 dxe4 23. Qxe4 b5 24. Qc2 g5 25. Nh5 Rd6 26. Qe4 Re6 27. Qf3 Qe7 28.
d5 cxd5 29. Rc8+ Kh7 30. Qxd5 Rxe3 31. Qf5# 1-0

[Event "Cto Aragon Equipos 2016 Pref Gr II"]
[Site "Aragon"]
[Date "2016.03.19"]
[Round "8.54"]
[White "Andreu Sin, Raul"]
[Black "Saura Solano, Jose Luis"]
[Result "1/2-1/2"]
[WhiteElo "2060"]
[BlackElo "1801"]
[PlyCount "58"]
[EventDate "2016.01.30"]
[WhiteTeam "SMA Barbastro"]
[BlackTeam "Binefar"]

1. d4 Nf6 2. c4 e6 3. Nf3 b6 4. e3 Bb7 5. Bd3 Be7 6. O-O O-O 7. Nbd2 d5 8. b3
Nbd7 9. Bb2 Ne4 10. h3 f5 11. Rc1 f4 12. Qc2 fxe3 13. Nxe4 dxe4 14. Bxe4 Bxe4
15. Qxe4 exf2+ 16. Rxf2 e5 17. dxe5 Bc5 18. Qd5+ Kh8 19. Bd4 Qe7 20. b4 Bxb4
21. Rcf1 Rad8 22. Qe4 Nc5 23. Qc2 Ne6 24. Be3 Bc5 25. Bxc5 Qxc5 26. Kh1 h6 27.
Nh4 Rxf2 28. Qxf2 Qxf2 29. Rxf2 Kg8 1/2-1/2

[Event "Cto Aragon Equipos 2016 Pref Gr II"]
[Site "Aragon"]
[Date "2016.03.19"]
[Round "8.55"]
[White "Ballarin Corvinos, Jorge"]
[Black "Avellanas Pau, Miguel Angel"]
[Result "0-1"]
[WhiteElo "1723"]
[BlackElo "1883"]
[PlyCount "38"]
[EventDate "2016.01.30"]
[WhiteTeam "Binefar"]
[BlackTeam "SMA Barbastro"]

1. e4 e5 2. Nf3 Nc6 3. Bc4 Be7 4. d4 d6 5. O-O Nf6 6. Bg5 Bg4 7. Bxf6 Bxf6 8.
d5 Nd4 9. Nbd2 Bg5 10. c3 Nxf3+ 11. Nxf3 a6 12. h3 h5 13. hxg4 hxg4 14. Nh2
Rxh2 15. Kxh2 Bf4+ 16. g3 Qh4+ 17. Kg1 Bxg3 18. fxg3 Qxg3+ 19. Kh1 O-O-O 0-1

[Event "Cto Aragon Equipos 2016 Pref Gr II"]
[Site "Aragon"]
[Date "2016.03.19"]
[Round "8.58"]
[White "Alonso Blasco, Jose Miguel"]
[Black "Cebollada Pacheco, Jesus Raul"]
[Result "1/2-1/2"]
[WhiteElo "2064"]
[BlackElo "2015"]
[PlyCount "87"]
[EventDate "2016.01.30"]
[WhiteTeam "Las Fuentes"]
[BlackTeam "St. Casablanca C"]

1. e4 e5 2. Nf3 Nc6 3. Bb5 a6 4. Bxc6 dxc6 5. O-O Ne7 6. b3 Ng6 7. Bb2 f6 8. d4
exd4 9. Qxd4 Qxd4 10. Bxd4 Be6 11. Nbd2 O-O-O 12. Rad1 Re8 13. Be3 h5 14. Nd4
Bg4 15. f3 c5 16. Ne2 Bd7 17. Nf4 Nxf4 18. Bxf4 g5 19. Be3 Bc6 20. Bf2 b6 21.
Rfe1 Rg8 22. Bg3 g4 23. f4 Bh6 24. e5 fxe5 25. fxe5 Bg5 26. Ne4 Bxe4 27. Rxe4
Re6 28. Rf1 Bh6 29. Rf5 Rg5 30. Rxg5 Bxg5 31. h3 gxh3 32. gxh3 Kd7 33. Kg2 c6
34. Kf3 Rg6 35. e6+ Rxe6 36. Rxe6 Kxe6 37. Ke4 b5 38. c4 Be7 39. Bf2 Bd6 40.
Bh4 Bh2 41. Bd8 Be5 42. Bh4 Bd6 43. Bg5 Bh2 44. Bh4 1/2-1/2

[Event "Cto Aragon Equipos 2016 Pref Gr II"]
[Site "Aragon"]
[Date "2016.03.19"]
[Round "8.59"]
[White "Garcia Andres, Daniel"]
[Black "Querol Soro, Sergio"]
[Result "1-0"]
[WhiteElo "2001"]
[BlackElo "1963"]
[PlyCount "98"]
[EventDate "2016.01.30"]
[WhiteTeam "St. Casablanca C"]
[BlackTeam "Las Fuentes"]

1. e4 d6 2. Nc3 g6 3. f4 Bg7 4. Nf3 c6 5. Bc4 b5 6. Bb3 b4 7. Ne2 Nf6 8. e5 Ne4
9. d3 Nc5 10. Be3 Nbd7 11. Ned4 Nxb3 12. axb3 c5 13. e6 cxd4 14. exd7+ Bxd7 15.
Nxd4 O-O 16. O-O Qc7 17. f5 e5 18. fxe6 fxe6 19. Qd2 a5 20. c4 e5 21. Nf3 Bg4
22. Ng5 h6 23. Ne4 Kh7 24. h3 Bf5 25. Rf2 Bxe4 26. dxe4 Rxf2 27. Bxf2 Qc6 28.
Qd5 Qxd5 29. cxd5 Rc8 30. Rxa5 Rc2 31. Rb5 Rxb2 32. Rxb4 h5 33. Be3 Bf6 34. Kf1
Bh4 35. Rb7+ Kg8 36. b4 Rb1+ 37. Ke2 Rb2+ 38. Kd3 Rb3+ 39. Kd2 Be1+ 40. Ke2
Rxb4 41. Rd7 Rxe4 42. Rxd6 Bh4 43. Kf3 Ra4 44. Rxg6+ Kf7 45. Rh6 e4+ 46. Kf4
Ra3 47. Rxh5 Bg3+ 48. Kxe4 Rxe3+ 49. Kxe3 Bf4+ 1-0

[Event "Cto Aragon Equipos 2016 Pref Gr II"]
[Site "Aragon"]
[Date "2016.03.19"]
[Round "8.60"]
[White "Mombiela De Sus, Jose Luis"]
[Black "Abad Vinas, Jesus Manuel"]
[Result "0-1"]
[WhiteElo "1926"]
[BlackElo "1752"]
[PlyCount "94"]
[EventDate "2016.01.30"]
[WhiteTeam "Las Fuentes"]
[BlackTeam "St. Casablanca C"]

1. c4 Nf6 2. g3 c5 3. Bg2 g6 4. Nc3 Bg7 5. e4 Nc6 6. Nge2 d6 7. h3 O-O 8. O-O
Be6 9. d3 Qd7 10. Kh2 Ne8 11. Be3 f6 12. Qd2 Bh8 13. Rab1 Ng7 14. Nd5 f5 15. f4
Rad8 16. a3 Nh5 17. b4 fxe4 18. dxe4 b6 19. b5 Na5 20. Qd3 Bxd5 21. exd5 Qf5
22. Be4 Qd7 23. f5 g5 24. Bxg5 Nf6 25. Bf3 Bg7 26. Bd2 Nb7 27. Nf4 Rde8 28. g4
h6 29. Ne6 Nd8 30. h4 Nxe6 31. dxe6 Qc7 32. Bf4 Nh7 33. g5 Be5 34. Bd5 hxg5 35.
hxg5 Kg7 36. Qg3 Rh8 37. f6+ Nxf6+ 38. Kg2 Nh5 39. Bxe5+ dxe5 40. Qc3 Ref8 41.
Rf7+ Rxf7 42. exf7 Nf4+ 43. Kf2 Rh2+ 44. Kg1 Ne2+ 45. Kxh2 Nxc3 46. Rf1 Kf8 47.
g6 e4+ 0-1

[Event "Cto Aragon Equipos 2016 Pref Gr II"]
[Site "Aragon"]
[Date "2016.03.19"]
[Round "8.61"]
[White "Neila Castillo, Miguel Angel"]
[Black "Lopez Caudevilla, David"]
[Result "1-0"]
[WhiteElo "2090"]
[BlackElo "2031"]
[PlyCount "75"]
[EventDate "2016.01.30"]
[WhiteTeam "Delicias B"]
[BlackTeam "Actur Rey Fernando"]

1. e4 g6 2. d4 Bg7 3. Nc3 d6 4. Be3 a6 5. Qd2 b5 6. f3 Bb7 7. h4 h5 8. Nh3 Nd7
9. Ng5 Ngf6 10. a4 b4 11. Bc4 O-O 12. Ne2 d5 13. Bb3 dxe4 14. Nf4 e6 15. Qxb4
Bd5 16. c4 Rb8 17. Qc3 Ba8 18. Bc2 e5 19. dxe5 Nxe5 20. Qxe5 Nd5 21. Qxg7+ Kxg7
22. cxd5 Qf6 23. Rd1 Kg8 24. Nxe4 Qxb2 25. Rd2 Rfe8 26. O-O Kf8 27. Bd4 Qa2 28.
Bc5+ Kg7 29. Bd4+ Kf8 30. Nc5 Rbd8 31. Nxa6 Qc4 32. Nc5 Bxd5 33. Rfd1 Bxf3 34.
Bb3 Qb4 35. gxf3 Re1+ 36. Rxe1 Qxd2 37. Nfe6+ Kg8 38. Rd1 1-0

[Event "Cto Aragon Equipos 2016 Pref Gr II"]
[Site "Aragon"]
[Date "2016.03.19"]
[Round "8.62"]
[White "Aviol Perez, Jose Mariano"]
[Black "Dominguez Luzon, Fernando"]
[Result "1-0"]
[WhiteElo "1821"]
[BlackElo "1975"]
[PlyCount "37"]
[EventDate "2016.01.30"]
[WhiteTeam "Actur Rey Fernando"]
[BlackTeam "Delicias B"]

1. d4 Nf6 2. Nf3 e6 3. c4 b6 4. g3 Bb7 5. Bg2 Be7 6. d5 O-O 7. O-O d6 8. dxe6
fxe6 9. Nc3 c5 10. Qd3 e5 11. Ng5 Bxg2 12. Kxg2 Qe8 13. Nd5 g6 14. Ne6 Na6 15.
Nxf8 Qxf8 16. Bh6 Qd8 17. Rad1 Ng4 18. Nxe7+ Qxe7 19. Qd5+ 1-0

[Event "Cto Aragon Equipos 2016 Pref Gr II"]
[Site "Aragon"]
[Date "2016.03.19"]
[Round "8.63"]
[White "Pes Mateo, Angel"]
[Black "Fernandez Sierra, Pedro Jose"]
[Result "1/2-1/2"]
[WhiteElo "1967"]
[BlackElo "1670"]
[PlyCount "110"]
[EventDate "2016.01.30"]
[WhiteTeam "Delicias B"]
[BlackTeam "Actur Rey Fernando"]

1. d4 Nf6 2. Bf4 e6 3. e3 d5 4. Nf3 c5 5. c3 Nc6 6. Nbd2 c4 7. a4 Bd7 8. Ne5
Be7 9. Be2 O-O 10. O-O Be8 11. Bf3 Nxe5 12. Bxe5 Nd7 13. e4 Nxe5 14. dxe5 Bc6
15. Re1 Bc5 16. exd5 Bxd5 17. Bxd5 Qxd5 18. Nf3 Be7 19. Qxd5 exd5 20. Rad1 Rfd8
21. Re2 Rac8 22. Nd4 Bc5 23. Nf5 g6 24. Nh6+ Kg7 25. Ng4 d4 26. cxd4 Rxd4 27.
Ne3 Rxd1+ 28. Nxd1 Rd8 29. Nc3 Bb4 30. f4 Bxc3 31. bxc3 Rd1+ 32. Kf2 Ra1 33.
Rb2 Rxa4 34. Rxb7 Ra2+ 35. Ke3 Kf8 36. g3 Rxh2 37. Rxa7 h5 38. Rc7 Rh3 39. Kf2
Rh2+ 40. Kf3 Rd2 41. Rxc4 Rd3+ 42. Kf2 Rd2+ 43. Ke3 Rg2 44. Kf3 Rd2 45. Rd4 Rc2
46. Rd3 Ke7 47. Ke4 Ke6 48. Re3 Rc1 49. Rd3 Rc2 50. Rd6+ Ke7 51. Rc6 Kd7 52.
Rc4 Ke6 53. Rc6+ Kd7 54. Rd6+ Ke7 55. Rd3 Ke6 1/2-1/2

[Event "Cto Aragon Equipos 2016 Pref Gr II"]
[Site "Aragon"]
[Date "2016.03.19"]
[Round "8.64"]
[White "Arbiol Val, Sergio"]
[Black "Sarrio Bambo, Pablo"]
[Result "0-1"]
[WhiteElo "1552"]
[BlackElo "1848"]
[PlyCount "92"]
[EventDate "2016.01.30"]
[WhiteTeam "Actur Rey Fernando"]
[BlackTeam "Delicias B"]

1. e4 c6 2. d4 d5 3. exd5 cxd5 4. Bd3 Nf6 5. Bf4 Nc6 6. c3 g6 7. Nd2 Bg7 8.
Ngf3 Bg4 9. h3 Bxf3 10. Nxf3 O-O 11. O-O Qb6 12. Qe2 Rfe8 13. Rfe1 Rac8 14. Ne5
Nxe5 15. dxe5 Ne4 16. c4 e6 17. cxd5 exd5 18. Bxe4 dxe4 19. Qxe4 Qxb2 20. Rab1
Qxa2 21. Rxb7 a5 22. Reb1 Rc2 23. Rb8 Rcc8 24. R8b7 Ra8 25. R1b2 Qe6 26. R7b6
Qf5 27. Qxf5 gxf5 28. R6b5 a4 29. Ra2 a3 30. Rb3 Bf8 31. Bg3 f6 32. exf6 Ra7
33. Bh4 Re4 34. Bg5 Bd6 35. g3 Rea4 36. Rb6 Be5 37. Re6 Bb2 38. Re8+ Kf7 39.
Rh8 Kg6 40. Rg8+ Kf7 41. Rg7+ Ke6 42. Re7+ Rxe7 43. fxe7 Ra8 44. Kg2 Kd5 45.
e8=Q Rxe8 46. Bf6 Rb8 0-1

[Event "Cto Aragon Equipos 2016 Pref Gr II"]
[Site "Aragon"]
[Date "2016.03.19"]
[Round "8.65"]
[White "Pellicer Cemeli, Jose Luis"]
[Black "Fabre Perez, Jose Maria"]
[Result "0-1"]
[WhiteElo "1963"]
[BlackElo "2057"]
[PlyCount "114"]
[EventDate "2016.01.30"]
[WhiteTeam "L'Aurora Estadilla B"]
[BlackTeam "Marcos Frechin B"]

1. d4 d5 2. c4 e6 3. Nc3 Nf6 4. cxd5 exd5 5. Bg5 Be7 6. e3 c6 7. Qc2 Nbd7 8.
Bd3 Nf8 9. Nge2 Ne6 10. Bh4 g6 11. f3 Ng7 12. Bf2 O-O 13. g4 b5 14. h4 b4 15.
Na4 b3 16. axb3 Qa5+ 17. Nec3 Ba6 18. O-O-O Bxd3 19. Rxd3 Rfc8 20. Be1 Rab8 21.
Ne4 Qd8 22. Nxf6+ Bxf6 23. Kb1 Ne6 24. h5 Qe7 25. hxg6 fxg6 26. Nc5 Nxc5 27.
Qxc5 Qxc5 28. dxc5 Rb5 29. Bc3 Bxc3 30. Rxc3 Re8 31. Kc2 a5 32. Ra1 Kg7 33. Ra4
Re7 34. e4 dxe4 35. Rxe4 Rxe4 36. fxe4 Kf6 37. Rc4 Rb4 38. Rc3 Rxe4 39. Rd3 Re6
40. Rh3 Re5 41. b4 axb4 42. Kb3 Rxc5 43. Kxb4 Rb5+ 44. Kc3 Kg5 45. Rxh7 Kxg4
46. b4 c5 47. bxc5 Rxc5+ 48. Kd4 Rc1 49. Ke3 g5 50. Rg7 Rf1 51. Ke2 Rf6 52. Rg8
Kh4 53. Rh8+ Kg3 54. Ra8 g4 55. Ra3+ Kg2 56. Ra1 Re6+ 57. Kd2 g3 0-1

[Event "Cto Aragon Equipos 2016 Pref Gr II"]
[Site "Aragon"]
[Date "2016.03.19"]
[Round "8.66"]
[White "Sancho Cortes, Miguel Angel"]
[Black "Fuentes Espuna, Juan Antonio"]
[Result "1-0"]
[WhiteElo "2043"]
[BlackElo "1956"]
[PlyCount "133"]
[EventDate "2016.01.30"]
[WhiteTeam "Marcos Frechin B"]
[BlackTeam "L'Aurora Estadilla B"]

1. e4 c5 2. d4 cxd4 3. c3 dxc3 4. Nxc3 Nc6 5. Nf3 g6 6. Bc4 e6 7. Bf4 a6 8. O-O
Bg7 9. Bd6 Nge7 10. Nd5 O-O 11. Bc7 Qe8 12. Nb6 Ra7 13. Qd2 f5 14. e5 f4 15.
Rad1 Nf5 16. Nxc8 Qxc8 17. Qxd7 Qxd7 18. Rxd7 Re8 19. Ng5 b5 20. Bxe6+ Rxe6 21.
Nxe6 Bxe5 22. Rfd1 Bxb2 23. Bxf4 Ra8 24. Rc7 Ncd4 25. Nxd4 Nxd4 26. Be3 Nf5 27.
Bc5 Be5 28. Rcd7 Bf6 29. Kf1 Rc8 30. R1d5 Re8 31. g3 a5 32. Be3 Rb8 33. Rc5
Nxe3+ 34. fxe3 a4 35. Ra7 a3 36. Ra5 b4 37. Rab5 Rf8 38. Ke2 Bc3 39. Rc7 Rd8
40. Kf3 Rf8+ 41. Ke4 Re8+ 42. Kd3 Be5 43. Rd7 Bc3 44. e4 Rf8 45. e5 Re8 46. e6
h6 47. Kc2 Bg7 48. Rxb4 Rxe6 49. Rb8+ Bf8 50. Rdd8 Re2+ 51. Kc3 Re3+ 52. Kd2
Rf3 53. Rxf8+ Rxf8 54. Rxf8+ Kxf8 55. Kc3 Ke7 56. Kb3 Kf6 57. Kxa3 Kf5 58. Kb4
Kg4 59. a4 Kh3 60. a5 Kxh2 61. a6 Kxg3 62. a7 g5 63. a8=Q h5 64. Qd5 Kh4 65.
Qh1+ Kg4 66. Kc4 h4 67. Kd4 1-0

[Event "Cto Aragon Equipos 2016 Pref Gr II"]
[Site "Aragon"]
[Date "2016.03.19"]
[Round "8.67"]
[White "Puertolas Serena, Arturo"]
[Black "Gaspar Calvo, Luis Alberto"]
[Result "1-0"]
[WhiteElo "1846"]
[BlackElo "1930"]
[PlyCount "67"]
[EventDate "2016.01.30"]
[WhiteTeam "L'Aurora Estadilla B"]
[BlackTeam "Marcos Frechin B"]

1. d4 Nf6 2. Nf3 b6 3. e3 Bb7 4. Bd3 Ne4 5. O-O f5 6. c4 g6 7. b3 Bg7 8. Bb2
O-O 9. Qc2 d6 10. Nbd2 Nxd2 11. Nxd2 Nc6 12. a3 e5 13. d5 Ne7 14. f4 c6 15.
dxc6 Nxc6 16. Be2 Rc8 17. Nf3 h6 18. Rad1 Qe7 19. Rfe1 g5 20. g3 Kh8 21. Qd2
Rcd8 22. b4 gxf4 23. exf4 a6 24. Nh4 Qf7 25. Bf3 e4 26. Bxg7+ Kxg7 27. Qc3+ Kg8
28. Bg2 d5 29. cxd5 Rxd5 30. Rxd5 Qxd5 31. Ng6 Rd8 32. Qh8+ Kf7 33. Qh7+ Ke6
34. Qxb7 1-0

[Event "Cto Aragon Equipos 2016 Pref Gr II"]
[Site "Aragon"]
[Date "2016.03.19"]
[Round "8.68"]
[White "Ruiperez Gumiel, Ramon"]
[Black "Rodriguez Avellanas, Jose Manu"]
[Result "1-0"]
[WhiteElo "1872"]
[BlackElo "1784"]
[PlyCount "81"]
[EventDate "2016.01.30"]
[WhiteTeam "Marcos Frechin B"]
[BlackTeam "L'Aurora Estadilla B"]

1. b3 Nf6 2. Bb2 g6 3. e4 d6 4. g3 Bg7 5. Bg2 e5 6. Ne2 O-O 7. c4 Nc6 8. a3 Bd7
9. O-O Qc8 10. f3 Bh3 11. Nbc3 Bxg2 12. Kxg2 a6 13. Nd5 Nxd5 14. cxd5 Ne7 15.
Qc2 Qd7 16. d4 Rac8 17. dxe5 dxe5 18. Rad1 f5 19. Bc3 fxe4 20. fxe4 Rxf1 21.
Rxf1 g5 22. Bb4 Ng6 23. Qd3 h6 24. a4 Bf8 25. Bxf8 Rxf8 26. Rxf8+ Kxf8 27. Qc4
Kg7 28. a5 Qd6 29. b4 Ne7 30. Qc5 Nc8 31. g4 Qd7 32. Ng3 Nd6 33. Qc3 Nf7 34.
Nf5+ Kh7 35. Qc5 Nd6 36. h3 Nxe4 37. Qf8 h5 38. Qh6+ Kg8 39. Qg6+ Kf8 40. Qh6+
Kg8 41. Qxh5 1-0

[Event "Campeonato de Aragón de Ajedrez por Equ"]
[Site "Aragón"]
[Date "2016.04.02"]
[Round "9.1"]
[White "Llorente Zaro, Alfonso"]
[Black "Del Rey, Diego"]
[Result "1-0"]
[WhiteElo "2464"]
[BlackElo "2388"]
[PlyCount "77"]
[EventDate "2016.01.30"]
[WhiteTeam "St. Casablanca B"]
[BlackTeam "El Olivar A"]

1. d4 d5 2. c4 e6 3. Nc3 Nf6 4. cxd5 exd5 5. Bg5 c6 6. e3 Bf5 7. Qf3 Bg6 8.
Bxf6 Qxf6 9. Qxf6 gxf6 10. Nge2 Nd7 11. h4 h5 12. Nf4 Nb6 13. Bd3 Rg8 14. Be2
Rh8 15. Bf3 Nc4 16. O-O-O Nd6 17. Nce2 Rc8 18. Ng3 Be7 19. Bxh5 Bh7 20. Bg4 f5
21. Be2 Rg8 22. Kb1 Kd7 23. Ka1 Kc7 24. Rh2 Kb8 25. Rc1 Rce8 26. Nd3 Bd8 27.
Nh5 Ne4 28. g3 Be7 29. Ne5 f6 30. Nd3 Rc8 31. Nhf4 Rgd8 32. Bh5 b6 33. Bg6 Bxg6
34. Nxg6 Bd6 35. h5 Rg8 36. Nh4 Rg5 37. Ng6 c5 38. Ndf4 Bf8 39. Nxf8 1-0

[Event "Campeonato de Aragón de Ajedrez por Equ"]
[Site "Aragón"]
[Date "2016.04.02"]
[Round "9.2"]
[White "Chueca Forcen, Alberto"]
[Black "Villuendas Valero, Adrian"]
[Result "1-0"]
[WhiteElo "2267"]
[BlackElo "2319"]
[PlyCount "73"]
[EventDate "2016.01.30"]
[WhiteTeam "El Olivar A"]
[BlackTeam "St. Casablanca B"]

1. d4 d5 2. Bf4 Nf6 3. e3 e6 4. c3 c5 5. Nd2 Nc6 6. Ngf3 Bd6 7. Bg3 O-O 8. Bd3
Qe7 9. Ne5 Nd7 10. h4 f5 11. f4 c4 12. Bc2 Bxe5 13. fxe5 b5 14. h5 Rf7 15. Bh4
Qf8 16. g4 Nb6 17. gxf5 exf5 18. Nf3 b4 19. Ng5 Rb7 20. O-O h6 21. Nh3 bxc3 22.
bxc3 Rf7 23. Nf4 Nd8 24. Ng6 Qe8 25. Bxf5 Bxf5 26. Rxf5 Rxf5 27. Ne7+ Kh8 28.
Nxf5 Na4 29. Nxg7 Kxg7 30. Qg4+ Kh7 31. Qf5+ Kg8 32. Kh2 Qf7 33. Rg1+ Kf8 34.
Qb1 Nxc3 35. Qb4+ Ke8 36. Rg8+ Kd7 37. Qd6+ 1-0

[Event "Campeonato de Aragón de Ajedrez por Equ"]
[Site "Aragón"]
[Date "2016.04.02"]
[Round "9.3"]
[White "Gimenez Martinez, Alberto"]
[Black "Palacios Latasa, Elias"]
[Result "1-0"]
[WhiteElo "2184"]
[BlackElo "2238"]
[PlyCount "101"]
[EventDate "2016.01.30"]
[WhiteTeam "St. Casablanca B"]
[BlackTeam "El Olivar A"]

1. e4 d5 2. exd5 Nf6 3. d4 Bg4 4. Bb5+ Nbd7 5. Be2 Bxe2 6. Qxe2 Nxd5 7. c4 N5b6
8. Nf3 g6 9. O-O Bg7 10. Nc3 O-O 11. c5 Nc8 12. Qb5 Rb8 13. Bf4 e6 14. Rfd1 Ne7
15. Qa5 Nc6 16. Qxc7 e5 17. Qxd8 Rbxd8 18. Bg5 f6 19. Be3 exd4 20. Nxd4 Nxd4
21. Bxd4 Rc8 22. Ne4 Rc7 23. b4 Re8 24. Nd6 Ra8 25. Nb5 Rcc8 26. Nxa7 Rxa7 27.
c6 b6 28. cxd7 Rxd7 29. Bxb6 Rb7 30. Bc5 f5 31. Rac1 Bb2 32. Rb1 Bc3 33. Rb3
Bf6 34. Ra3 Kf7 35. Kf1 Be7 36. Bxe7 Kxe7 37. Re3+ Kf6 38. Rb1 Rc2 39. a3 Ra2
40. b5 f4 41. Rc3 g5 42. g3 Rd7 43. gxf4 g4 44. Kg2 Rdd2 45. Kg3 h5 46. b6 Rxf2
47. Rc6+ Kf5 48. Rb5+ Ke4 49. Re6+ Kd4 50. b7 Rxh2 51. f5 1-0

[Event "Campeonato de Aragón de Ajedrez por Equ"]
[Site "Aragón"]
[Date "2016.04.02"]
[Round "9.4"]
[White "Hernando Garcia, Antonio"]
[Black "Cortes Lizano, Jesus"]
[Result "1/2-1/2"]
[WhiteElo "2164"]
[BlackElo "2149"]
[PlyCount "98"]
[EventDate "2016.01.30"]
[WhiteTeam "El Olivar A"]
[BlackTeam "St. Casablanca B"]

1. c4 e6 2. Nf3 Nf6 3. Nc3 d5 4. cxd5 exd5 5. d4 c6 6. Bg5 Be7 7. Qc2 g6 8. e3
Bf5 9. Bd3 Bxd3 10. Qxd3 Nbd7 11. O-O O-O 12. Bxf6 Nxf6 13. Rfc1 Re8 14. Nd2
Bd6 15. Nf1 Ne4 16. Nxe4 dxe4 17. Qc2 h5 18. Nd2 Qe7 19. Nc4 Bc7 20. Qc3 h4 21.
b4 Rac8 22. Rab1 Bb8 23. Qe1 Qe6 24. Rc2 Kg7 25. Rbc1 Rcd8 26. Nd2 Rd5 27. Rc5
Rxc5 28. bxc5 Qxa2 29. Nc4 Re7 30. Qc3 Kg8 31. Kf1 Qa6 32. Ra1 Qb5 33. Qc2 b6
34. cxb6 axb6 35. Rb1 Qh5 36. Rxb6 Bxh2 37. Rxc6 Ra7 38. Rb6 h3 39. Rb1 Rc7 40.
Qb3 Kg7 41. Nd2 Bd6 42. gxh3 Qxh3+ 43. Ke1 Qh1+ 44. Ke2 Qh5+ 45. Ke1 Rc8 46.
Qb7 Qh1+ 47. Ke2 Qh5+ 48. Ke1 Qh1+ 49. Ke2 Qh5+ 1/2-1/2

[Event "Campeonato de Aragón de Ajedrez por Equ"]
[Site "Aragón"]
[Date "2016.04.02"]
[Round "9.5"]
[White "Forcen Esteban, Daniel"]
[Black "Gavin Roche, Enrique"]
[Result "1-0"]
[WhiteElo "2555"]
[BlackElo "2242"]
[PlyCount "87"]
[EventDate "2016.01.30"]
[WhiteTeam "Jaime Casas A"]
[BlackTeam "ONCE C.A. Aragon"]

1. e4 e6 2. d4 d5 3. Nc3 Bb4 4. e5 c5 5. a3 Bxc3+ 6. bxc3 Qa5 7. Bd2 Qa4 8. Qg4
Kf8 9. Nf3 Qxc2 10. dxc5 Nh6 11. Qh4 Nc6 12. Rc1 Qe4+ 13. Qxe4 dxe4 14. Ng5 Ng4
15. Nxe4 Ngxe5 16. f4 Nd7 17. Be3 Nf6 18. Nd6 Na5 19. Rb1 Bd7 20. c4 Ke7 21.
Be2 Bc6 22. Bd2 b6 23. Bb4 Nd7 24. cxb6 axb6 25. Nb7+ Kf6 26. Bc3+ Ke7 27. Nxa5
bxa5 28. O-O Rhc8 29. Rfe1 g6 30. g4 Nc5 31. g5 Ne4 32. Be5 Nd2 33. Rb2 Nf3+
34. Bxf3 Bxf3 35. Re3 Bc6 36. Bf6+ Ke8 37. Rh3 Kd7 38. Rd3+ Ke8 39. Rbd2 a4 40.
Rh3 Rd8 41. Rxd8+ Rxd8 42. Bxd8 Kxd8 43. Rxh7 Ke7 44. Kf2 1-0

[Event "Campeonato de Aragón de Ajedrez por Equ"]
[Site "Aragón"]
[Date "2016.04.02"]
[Round "9.6"]
[White "Laliena Solanes, Luis"]
[Black "Antoli Royo, Joaquin Miguel"]
[Result "0-1"]
[WhiteElo "2219"]
[BlackElo "2449"]
[PlyCount "92"]
[EventDate "2016.01.30"]
[WhiteTeam "ONCE C.A. Aragon"]
[BlackTeam "Jaime Casas A"]

1. d4 Nf6 2. Nf3 g6 3. Nc3 c5 4. d5 d6 5. e4 Bg7 6. Bb5+ Nfd7 7. a4 O-O 8. O-O
Na6 9. Re1 Nc7 10. Bf1 a6 11. Bf4 Rb8 12. e5 dxe5 13. Nxe5 Nf6 14. Bc4 Ra8 15.
Nxf7 Rxf7 16. d6 exd6 17. Bxd6 Bf8 18. Bf4 Qxd1 19. Raxd1 Nce8 20. Rd8 b5 21.
axb5 axb5 22. Nxb5 Bb7 23. Rxa8 Bxa8 24. Bh6 Bxh6 25. Re7 Bd5 26. Rxe8+ Nxe8
27. Bxd5 Kf8 28. Bxf7 Kxf7 29. Kf1 Ke6 30. Ke2 Kd5 31. Nc3+ Ke5 32. f3 Nd6 33.
b3 Kd4 34. Nd1 Nb5 35. Nf2 Nc3+ 36. Ke1 Nd5 37. Ng4 Bg5 38. Ke2 Ne3 39. Nxe3
Bxe3 40. c3+ Kxc3 41. Kxe3 Kxb3 42. Kd2 c4 43. Kc1 Kc3 44. h4 Kd3 45. g4 Ke3
46. h5 Kxf3 0-1